Bodybuilding anatomy / (Record no. 34028)
[ view plain ]
| 000 -LEADER | |
|---|---|
| fixed length control field | 02137cam a2200385 i 4500 |
| 001 - CONTROL NUMBER | |
| control field | 23916452 |
| 003 - CONTROL NUMBER IDENTIFIER | |
| control field | JO-AjAnu |
| 005 - DATE AND TIME OF LATEST TRANSACTION | |
| control field | 20251011091237.0 |
| 008 - FIXED-LENGTH DATA ELEMENTS--GENERAL INFORMATION | |
| fixed length control field | 241107s2026 ilua 000 0 eng |
| 010 ## - LIBRARY OF CONGRESS CONTROL NUMBER | |
| LC control number | 2024037101 |
| 020 ## - INTERNATIONAL STANDARD BOOK NUMBER | |
| International Standard Book Number | 9781718225985 |
| Qualifying information | (paperback) |
| 020 ## - INTERNATIONAL STANDARD BOOK NUMBER | |
| Canceled/invalid ISBN | 9781718225992 |
| Qualifying information | (epub) |
| 020 ## - INTERNATIONAL STANDARD BOOK NUMBER | |
| Canceled/invalid ISBN | 9781718226005 |
| Qualifying information | (pdf) |
| 035 ## - SYSTEM CONTROL NUMBER | |
| System control number | 23916452 |
| 040 ## - CATALOGING SOURCE | |
| Original cataloging agency | DLC |
| Language of cataloging | eng |
| Description conventions | rda |
| Transcribing agency | DLC |
| Modifying agency | DLC |
| 042 ## - AUTHENTICATION CODE | |
| Authentication code | pcc |
| 050 00 - LIBRARY OF CONGRESS CALL NUMBER | |
| Classification number | GV546.5 |
| Item number | .I78 2026 |
| 082 00 - DEWEY DECIMAL CLASSIFICATION NUMBER | |
| Classification number | 613.7/13 |
| Edition number | 23/eng/20241118 |
| 100 1# - MAIN ENTRY--PERSONAL NAME | |
| Personal name | Israetel, Michael, |
| Dates associated with a name | 1984- |
| Relator term | author. |
| 245 10 - TITLE STATEMENT | |
| Title | Bodybuilding anatomy / |
| Statement of responsibility, etc. | Michael Israetel, PhD., Jared Feather, MS., Christle Guevarra, DO. |
| 264 #1 - PRODUCTION, PUBLICATION, DISTRIBUTION, MANUFACTURE, AND COPYRIGHT NOTICE | |
| Place of production, publication, distribution, manufacture | Champaign, IL : |
| Name of producer, publisher, distributor, manufacturer | Human Kinetics, |
| Date of production, publication, distribution, manufacture, or copyright notice | [2026] |
| 300 ## - PHYSICAL DESCRIPTION | |
| Extent | viii, 214 pages : |
| Other physical details | illustrations ; |
| Dimensions | 26 cm |
| 336 ## - CONTENT TYPE | |
| Content type term | text |
| Content type code | txt |
| Source | rdacontent |
| 337 ## - MEDIA TYPE | |
| Media type term | unmediated |
| Media type code | n |
| Source | rdamedia |
| 338 ## - CARRIER TYPE | |
| Carrier type term | volume |
| Carrier type code | nc |
| Source | rdacarrier |
| 520 ## - SUMMARY, ETC. | |
| Summary, etc. | "This book presents exercises for aspiring and experienced bodybuilders for the chest, shoulders, back, arms, abdominals, and legs. It's modern approach to developing and sculpting muscle includes full-color, anatomical illustrations that show the muscles being targeted by each exercise so the reader understands the focus of each exercise. The book includes a method for selecting the best exercises to achieve specific bodybuilding goals while minimizing the risk of injury or working through rehabilitation. Finally, the book presents 12 of the most common bodybuilding poses seen in competition with advice and key points to help the reader show off hard-earned muscle"-- |
| Assigning source | Provided by publisher. |
| 650 #0 - SUBJECT ADDED ENTRY--TOPICAL TERM | |
| Topical term or geographic name entry element | Bodybuilding |
| General subdivision | Training. |
| 650 #0 - SUBJECT ADDED ENTRY--TOPICAL TERM | |
| Topical term or geographic name entry element | Bodybuilding |
| General subdivision | Physiological aspects. |
| 700 1# - ADDED ENTRY--PERSONAL NAME | |
| Personal name | Feather, Jared, |
| Dates associated with a name | 1993- |
| Relator term | author. |
| 700 1# - ADDED ENTRY--PERSONAL NAME | |
| Personal name | Guevarra, Christle, |
| Dates associated with a name | 1982- |
| Relator term | author. |
| 776 08 - ADDITIONAL PHYSICAL FORM ENTRY | |
| Relationship information | Online version: |
| Main entry heading | Israetel, Michael, 1984- |
| Title | Bodybuilding anatomy |
| Place, publisher, and date of publication | Champaign, IL : Human Kinetics, [2026] |
| International Standard Book Number | 9781718225992 |
| Record control number | (DLC) 2024037102 |
| 906 ## - LOCAL DATA ELEMENT F, LDF (RLIN) | |
| a | 7 |
| b | cbc |
| c | orignew |
| d | 1 |
| e | ecip |
| f | 20 |
| g | y-gencatlg |
| 942 ## - ADDED ENTRY ELEMENTS (KOHA) | |
| Source of classification or shelving scheme | Library of Congress Classification |
| Koha item type | Books |
| Suppress in OPAC | No |
| Withdrawn status | Lost status | Source of classification or shelving scheme | Damaged status | Not for loan | Home library | Current library | Date acquired | Total Checkouts | Full call number | Barcode | Date last seen | Price effective from | Koha item type |
|---|---|---|---|---|---|---|---|---|---|---|---|---|---|
| Library of Congress Classification | مكتبة جامعة عجلون الوطنية | مكتبة جامعة عجلون الوطنية | 11/10/2025 | GV546.5.I78 2026 | e4057 | 11/10/2025 | 11/10/2025 | Books |